Fast Typing Dog Breeds - Statistics

General Stats
  • This quiz has been taken 17 times
  • The average score is 7 of 15
Answer Stats
Hint Answer % Correct
Labrador Retriever Labrador Retriever
100%
Golden Retriever Golden Retriever
82%
Pug Pug
82%
French Bulldog French Bulldog
73%
German Shepherd German Shepherd
73%
Poodle Poodle
64%
Beagle Beagle
45%
Dachshund Dachshund
45%
Rottweiler Rottweiler
36%
Australian Shepherd Australian Shepherd
27%
Welsh Corgi Welsh Corgi
27%
Yellow Lab Yellow Lab
27%
Boxer Boxer
18%
Yorkshire Terrier Yorkshire Terrier
18%
Husky Husky
9%
No matching quizzes found
Score Distribution
Percent of People with Each Score
Percentile by Number Answered
Your Score History
You have not taken this quiz